[Event "BCF-chT2 2324 (4NCL)"]
[Site "England"]
[Date "2024.02.11"]
[Round "6.51"]
[White "Merry, Alan B"]
[Black "Tanmay, Chopra"]
[Result "1-0"]
[WhiteElo "2437"]
[BlackElo "2387"]
[PlyCount "97"]
[EventDate "2023.11.11"]
[EventType "team-tourn"]
[EventRounds "11"]
[EventCountry "ENG"]
[SourceTitle "CB11_2024"]
[SourceDate "2024.03.13"]
[SourceVersion "1"]
[SourceVersionDate "2024.03.13"]
[SourceQuality "1"]
[WhiteTeam "Barbican"]
[BlackTeam "Cambridge University"]
[WhiteTeamCountry "ENG"]
[BlackTeamCountry "ENG"]

1. d4 Nf6 2. c4 e6 3. g3 Bb4+ 4. Bd2 Be7 5. Bg2 d5 6. Nf3 0-0 7. 0-0 c6 8. Qc2 Nbd7 9. a4 a5 10. Na3 Ne4 11. Bf4 g5 12. Be3 f5 13. Rad1 Bd6 14. Bc1 Qf6 15. Ne1 g4 16. f3 gxf3 17. exf3 Ng5 18. Kh1 Nf7 19. Rg1 Nh8 20. Bf1 Ng6 21. Ng2 Kh8 22. Bh6 Rf7 23. Qc1 Bf8 24. Nc2 Bxh6 25. Qxh6 dxc4 26. Bxc4 b5 27. axb5 Nb6 28. Be2 cxb5 29. Bxb5 Bb7 30. Be2 f4 31. Rgf1 Rc8 32. Nce1 Nc4 33. Nd3 Nxb2 34. Nxb2 Rc2 35. Nc4 Rxe2 36. Nd6 fxg3 37. Rb1 Rxg2 38. Nxf7+ Qxf7 39. Kxg2 Nf4+ 40. Kxg3 Nh5+ 41. Kg2 Nf4+ 42. Kh1 Ng6 43. Kg1 Qd7 44. Rf2 a4 45. h4 a3 46. h5 a2 47. Rxa2 Qxd4+ 48. Rf2 Nf4 49. Qf8# 1-0

[Event "BCF-chT2 2223 (4NCL)"]
[Site "England"]
[Date "2023.04.30"]
[Round "10.11"]
[White "Merry, Alan B"]
[Black "Cherniaev, Alexander"]
[Result "1-0"]
[WhiteElo "2434"]
[BlackElo "2509"]
[PlyCount "87"]
[EventDate "2022.10.22"]
[EventType "team-tourn"]
[EventRounds "11"]
[EventCountry "ENG"]
[SourceTitle "EXT 2024"]
[Source "ChessBase"]
[SourceDate "2023.10.10"]
[SourceVersion "1"]
[SourceVersionDate "2023.10.10"]
[SourceQuality "1"]
[WhiteTeam "Barbican"]
[BlackTeam "Barnet Knights"]
[WhiteTeamCountry "ENG"]
[BlackTeamCountry "ENG"]

1. d4 d6 2. e4 g6 3. Nc3 Bg7 4. g3 Nc6 5. d5 Nb8 6. Bg2 Nf6 7. Nge2 0-0 8. h3 c6 9. Be3 Nbd7 10. Qd2 Re8 11. b3 c5 12. 0-0 b6 13. a4 Ba6 14. Rfe1 Bxe2 15. Nxe2 a6 16. g4 h5 17. g5 Nh7 18. Ra2 b5 19. c3 Nb6 20. a5 Nd7 21. f4 Nhf8 22. h4 Qc7 23. Bf2 Rad8 24. Qc1 e6 25. dxe6 fxe6 26. f5 Be5 27. Nf4 Bxf4 28. Qxf4 Ne5 29. Rd1 Nfd7 30. Rad2 Nb8 31. Bh3 Nbc6 32. fxg6 Nxg6 33. Qf6 Qf7 34. Rxd6 Qxf6 35. gxf6 Kf7 36. Rxd8 Rxd8 37. Rxd8 Nxd8 38. Bxc5 Nxh4 39. Kf2 Nc6 40. b4 Ng6 41. Bd4 Nf4 42. Bf1 e5 43. Bc5 Ne6 44. Be7 1-0

[Event "BCF-chT2 2223 (4NCL)"]
[Site "England"]
[Date "2023.02.12"]
[Round "6.31"]
[White "Chan, Kim Yew"]
[Black "Merry, Alan B"]
[Result "1-0"]
[WhiteElo "2390"]
[BlackElo "2434"]
[PlyCount "151"]
[EventDate "2022.10.22"]
[EventType "team-tourn"]
[EventRounds "11"]
[EventCountry "ENG"]
[SourceTitle "EXT 2024"]
[Source "ChessBase"]
[SourceDate "2023.10.10"]
[SourceVersion "1"]
[SourceVersionDate "2023.10.10"]
[SourceQuality "1"]
[WhiteTeam "Schach Attack"]
[BlackTeam "Barbican"]
[WhiteTeamCountry "ENG"]
[BlackTeamCountry "ENG"]

1. Nf3 d5 2. d4 Nf6 3. c4 e6 4. g3 Bb4+ 5. Nbd2 0-0 6. Bg2 b6 7. 0-0 Bb7 8. a3 Be7 9. cxd5 exd5 10. b4 a5 11. b5 c6 12. Qa4 cxb5 13. Qxb5 Ba6 14. Qb2 Nc6 15. Ne5 Rc8 16. Bh3 Bxe2 17. Bxc8 Nxe5 18. dxe5 Bxf1 19. Bf5 Ba6 20. exf6 Bxf6 21. Qb1 Bxa1 22. Qxa1 Re8 23. Nf3 d4 24. Bb2 d3 25. Bxg7 d2 26. Bc2 Qe7 27. Bc3 Bb7 28. Ne5 Qc5 29. Bb3 Bd5 30. Bxd5 Qxd5 31. Qd1 f6 32. Nf3 Qxf3 33. Qxf3 Re1+ 34. Kg2 d1Q 35. Bxe1 Qxe1 36. Qxf6 Qe4+ 37. Qf3 Qd4 38. h4 a4 39. Qb7 Kh8 40. h5 Kg8 41. h6 Qf6 42. Qc8+ Kf7 43. Qd7+ Kg6 44. Qxa4 Qd6 45. Qg4+ Kxh6 46. a4 Qc6+ 47. Kh2 Qc2 48. Kg2 Qc6+ 49. f3 Qc2+ 50. Kh3 Qd1 51. Qf4+ Kg6 52. Qe4+ Kg7 53. Kg4 Qd7+ 54. Kh4 Qd8+ 55. Kh5 Qc7 56. Qd4+ Kg8 57. Qd5+ Kg7 58. f4 Qc2 59. Qg5+ Kh8 60. Qf6+ Kg8 61. Qe6+ Kg7 62. Kg5 Qxa4 63. Qe7+ Kg8 64. Qd8+ Kg7 65. Qc7+ Kg8 66. Kh6 Qd4 67. Qxh7+ Kf8 68. Qf5+ Ke7 69. Kh7 Qf2 70. Qe5+ Kf7 71. Qg7+ Ke6 72. Qg6+ Kd5 73. f5 b5 74. f6 b4 75. f7 b3 76. Kg8 1-0

[Event "BCF-chT2 2223 (4NCL)"]
[Site "England"]
[Date "2022.10.23"]
[Round "2.31"]
[White "Claridge Hansen, William"]
[Black "Merry, Alan B"]
[Result "0-1"]
[WhiteElo "2345"]
[BlackElo "2434"]
[PlyCount "50"]
[EventDate "2022.10.22"]
[EventType "team-tourn"]
[EventRounds "11"]
[EventCountry "ENG"]
[SourceTitle "EXT 2024"]
[Source "ChessBase"]
[SourceDate "2023.10.10"]
[SourceVersion "1"]
[SourceVersionDate "2023.10.10"]
[SourceQuality "1"]
[WhiteTeam "Oxford"]
[BlackTeam "Barbican"]
[WhiteTeamCountry "ENG"]
[BlackTeamCountry "ENG"]

1. c4 e5 2. g3 Nf6 3. Bg2 d5 4. cxd5 Nxd5 5. Nf3 Nc6 6. 0-0 Be7 7. d4 e4 8. Ne5 f5 9. Nxc6 bxc6 10. Qc2 Qd6 11. Nc3 Be6 12. Nxd5 Bxd5 13. Bf4 Qd7 14. Be5 0-0 15. f3 exf3 16. Bxf3 Bg5 17. e4 fxe4 18. Bxe4 Be3+ 19. Kg2 c5 20. Rad1 Rxf1 21. Rxf1 cxd4 22. Bxc7 Rc8 23. Bxd5+ Qxd5+ 24. Rf3 d3 25. Qa4 d2 0-1

[Event "BCF-chTa 1920 (4NCL)"]
[Site "Daventry"]
[Date "2020.03.01"]
[Round "2.22"]
[White "Tan, Justin Hy"]
[Black "Merry, Alan B"]
[Result "0-1"]
[WhiteElo "2505"]
[BlackElo "2419"]
[PlyCount "82"]
[EventDate "2019.11.09"]
[EventType "team-tourn"]
[EventRounds "11"]
[EventCountry "ENG"]
[SourceTitle "CBM 195 Extra"]
[Source "ChessBase"]
[SourceDate "2020.05.31"]
[SourceVersion "1"]
[SourceVersionDate "2020.05.31"]
[SourceQuality "1"]
[WhiteTeam "Wood Green"]
[BlackTeam "Barbican"]
[WhiteTeamCountry "ENG"]
[BlackTeamCountry "ENG"]

1. Nf3 d5 2. e3 Nf6 3. c4 e6 4. Nc3 b6 5. b3 Bb7 6. Bb2 a6 7. Qc2 Nbd7 8. Be2 Bd6 9. cxd5 exd5 10. 0-0 0-0 11. Rac1 Qe7 12. Rfe1 c5 13. d4 Rfe8 14. Qf5 Rac8 15. Bd3 c4 16. bxc4 dxc4 17. Bb1 g6 18. Qh3 b5 19. e4 b4 20. e5 bxc3 21. exf6 Qf8 22. Bxc3 Nxf6 23. Ne5 Bb4 24. Qh4 Nd5 25. Bxb4 Qxb4 26. Be4 Qe7 27. Qh6 Nf6 28. Bxb7 Qxb7 29. Qf4 Nh5 30. Qd2 Qd5 31. Re3 Nf4 32. Nf3 Qf5 33. g3 Rxe3 34. Qxe3 Nd5 35. Qa3 Rb8 36. Ne5 c3 37. Qd6 Rb1 38. Rxb1 Qxb1+ 39. Kg2 Qe4+ 40. f3 Qe2+ 41. Kh3 Ne3 0-1

[Event "Hastings Masters op 95th"]
[Site "Hastings"]
[Date "2019.12.30"]
[Round "3"]
[White "Merry, Alan B"]
[Black "Graham, David Bruce"]
[Result "1-0"]
[WhiteElo "2420"]
[BlackElo "2152"]
[PlyCount "99"]
[EventDate "2019.12.28"]
[EventType "swiss"]
[EventRounds "9"]
[EventCountry "ENG"]
[SourceTitle "CBM 194 Extra"]
[Source "ChessBase"]
[SourceDate "2020.03.31"]
[SourceVersion "1"]
[SourceVersionDate "2020.03.31"]
[SourceQuality "1"]

1. d4 d5 2. c4 e6 3. Nf3 Nf6 4. g3 Be7 5. Bg2 0-0 6. 0-0 Nbd7 7. Qc2 c6 8. Nbd2 Qc7 9. e4 dxe4 10. Nxe4 Nxe4 11. Qxe4 Nf6 12. Qc2 b6 13. Bf4 Bd6 14. Bxd6 Qxd6 15. Rfd1 Bb7 16. c5 Qc7 17. Rac1 Rfd8 18. Ne5 Rac8 19. b4 Nd5 20. Qb3 f6 21. Nc4 b5 22. Nd6 Rxd6 23. cxd6 Qxd6 24. a4 a6 25. Bxd5 exd5 26. Re1 Rf8 27. Qc3 bxa4 28. Qc5 Qxc5 29. bxc5 Bc8 30. Ra1 Bf5 31. Rxa4 Bd3 32. Ra3 Bb5 33. Rae3 g6 34. Re8 a5 35. R1e7 Rxe8 36. Rxe8+ Kf7 37. Ra8 a4 38. Ra7+ Ke6 39. Rxh7 Kf5 40. f3 g5 41. h3 Kg6 42. Ra7 f5 43. f4 gxf4 44. gxf4 Kh6 45. Kf2 Kg6 46. Ke3 Kh5 47. Rh7+ Kg6 48. Rb7 Kh5 49. Rxb5 cxb5 50. Kd3 1-0

[Event "Hastings Masters op 95th"]
[Site "Hastings"]
[Date "2019.12.28"]
[Round "1"]
[White "Merry, Alan B"]
[Black "Eames, Robert"]
[Result "1-0"]
[WhiteElo "2420"]
[BlackElo "2150"]
[PlyCount "89"]
[EventDate "2019.12.28"]
[EventType "swiss"]
[EventRounds "9"]
[EventCountry "ENG"]
[SourceTitle "CBM 194 Extra"]
[Source "ChessBase"]
[SourceDate "2020.03.31"]
[SourceVersion "1"]
[SourceVersionDate "2020.03.31"]
[SourceQuality "1"]

1. d4 Nf6 2. c4 e6 3. g3 d5 4. Nf3 dxc4 5. Bg2 Bb4+ 6. Bd2 c5 7. Bxb4 cxb4 8. Ne5 0-0 9. a3 Nc6 10. Bxc6 bxc6 11. axb4 Qb6 12. 0-0 Qxb4 13. Qd2 Qb7 14. Na3 Rd8 15. Rfd1 c5 16. Qa5 Rd5 17. dxc5 Bd7 18. Naxc4 Be8 19. b4 Ne4 20. Qa3 f6 21. Nd3 Bb5 22. Ne3 Rd4 23. Qb3 Ng5 24. h4 Nf7 25. Nf4 Rxd1+ 26. Rxd1 e5 27. Ne6 Bxe2 28. Rd2 Bb5 29. Nf5 Qe4 30. Ne7+ Kh8 31. Nd8 Bc4 32. Qa4 Nd6 33. cxd6 Rxd8 34. Qd1 Ba6 35. f3 Qxb4 36. Kg2 Bb7 37. Qc1 Rxd6 38. Rb2 Qa3 39. Rxb7 Qd3 40. Rxa7 h5 41. Qe1 Rd4 42. Ra2 e4 43. Qe2 e3 44. Qxd3 Rxd3 45. Re2 1-0

[Event "London Classic op 11th"]
[Site "London"]
[Date "2019.12.02"]
[Round "5"]
[White "Merry, Alan B"]
[Black "Lee, Qing Aun"]
[Result "1/2-1/2"]
[WhiteElo "2426"]
[BlackElo "2228"]
[PlyCount "80"]
[EventDate "2019.11.29"]
[EventType "swiss"]
[EventRounds "9"]
[EventCountry "ENG"]
[SourceTitle "CBM 193 Extra"]
[Source "ChessBase"]
[SourceDate "2020.01.31"]
[SourceVersion "1"]
[SourceVersionDate "2020.01.31"]
[SourceQuality "1"]

1. c4 e6 2. Nc3 d5 3. d4 Nf6 4. cxd5 exd5 5. Bg5 Be7 6. e3 c6 7. Bd3 0-0 8. Nf3 Ne4 9. Bxe7 Qxe7 10. Qc2 Bf5 11. 0-0 Nd7 12. b4 a6 13. a4 Rac8 14. Rfc1 Bg6 15. Nd2 Ndf6 16. Bxe4 Bxe4 17. Qb3 Rfe8 18. b5 c5 19. dxc5 Qxc5 20. Ne2 Qd6 21. bxa6 bxa6 22. Nd4 Ng4 23. Nf1 Ne5 24. Ng3 Nc4 25. Nxe4 Rxe4 26. Rab1 Ree8 27. Rd1 h6 28. h3 Rb8 29. Qc3 Rxb1 30. Rxb1 Rb8 31. Rd1 Qg6 32. Ne2 Rb1 33. Qe1 Rxd1 34. Qxd1 Qc6 35. Nf4 Nb2 36. Nxd5 Qxa4 37. Ne7+ Kf8 38. Qd8+ Qe8 39. Qd4 Qxe7 40. Qxb2 Qd6 1/2-1/2

[Event "GBR-ch KO qual"]
[Site "London"]
[Date "2019.11.30"]
[Round "2"]
[White "Merry, Alan B"]
[Black "Golding, Alex"]
[Result "1/2-1/2"]
[WhiteElo "2426"]
[BlackElo "2306"]
[PlyCount "117"]
[EventDate "2019.11.30"]
[EventType "swiss (rapid)"]
[EventRounds "9"]
[EventCountry "ENG"]
[SourceTitle "CBM 193 Extra"]
[Source "ChessBase"]
[SourceDate "2020.01.31"]
[SourceVersion "1"]
[SourceVersionDate "2020.01.31"]
[SourceQuality "1"]

1. b3 e5 2. Bb2 Nc6 3. e3 d6 4. c4 g6 5. Ne2 Bg7 6. Nbc3 Nge7 7. g3 d5 8. cxd5 Nxd5 9. a3 0-0 10. Bg2 Be6 11. 0-0 Nxc3 12. Nxc3 Qd3 13. b4 f5 14. Qb1 Rad8 15. Rc1 e4 16. Na4 Qxb1 17. Raxb1 Rxd2 18. Bxg7 Kxg7 19. b5 Ne5 20. Rxc7+ Rf7 21. Nc5 Bd5 22. Rxf7+ Kxf7 23. Rc1 Kf6 24. h3 b6 25. Na6 Bc4 26. a4 Ra2 27. Bf1 Bxf1 28. Kxf1 Rxf2+ 29. Kxf2 Nd3+ 30. Kf1 Nxc1 31. Nb4 Nd3 32. Nc6 Nc5 33. a5 bxa5 34. Nxa5 Ne6 35. Nc6 Nc7 36. Nxa7 Nd5 37. Ke2 Ke6 38. Kd2 Kd6 39. Nc6 Kc5 40. Nd4 Nc7 41. h4 Nxb5 42. Ne6+ Kd5 43. Nf8 Nc7 44. Nxh7 Ne6 45. Kc3 Ke5 46. Kc4 Ng7 47. Nf8 Kf6 48. Nd7+ Ke6 49. Nc5+ Ke5 50. Nd7+ Ke6 51. Nc5+ Kd6 52. Kd4 Nh5 53. g4 Ng3 54. gxf5 Nxf5+ 55. Kxe4 Kxc5 56. h5 Ng3+ 57. Kf4 Nxh5+ 58. Kg5 Ng3 59. Kxg6 1/2-1/2

[Event "GBR-ch KO qual"]
[Site "London"]
[Date "2019.11.30"]
[Round "1"]
[White "Pein, Jonathan"]
[Black "Merry, Alan B"]
[Result "0-1"]
[WhiteElo "2151"]
[BlackElo "2426"]
[PlyCount "72"]
[EventDate "2019.11.30"]
[EventType "swiss (rapid)"]
[EventRounds "9"]
[EventCountry "ENG"]
[SourceTitle "CBM 193 Extra"]
[Source "ChessBase"]
[SourceDate "2020.01.31"]
[SourceVersion "1"]
[SourceVersionDate "2020.01.31"]
[SourceQuality "1"]

1. g3 c5 2. Bg2 g6 3. e4 Bg7 4. Ne2 Nc6 5. c3 e5 6. 0-0 Nge7 7. d3 0-0 8. Be3 d6 9. d4 exd4 10. cxd4 Qb6 11. Nbc3 Nxd4 12. Nxd4 cxd4 13. Na4 Qa5 14. Bxd4 Bxd4 15. Qxd4 Nc6 16. Qd1 Be6 17. Nc3 Rfd8 18. Rc1 Rac8 19. h3 Bc4 20. Re1 Nb4 21. b3 Nd3 22. bxc4 Nxc1 23. Nd5 Rxc4 24. Bf1 Rc5 25. Re3 Nxa2 26. Nf6+ Kg7 27. Qd4 Re5 28. Ng4 h5 29. Nxe5 dxe5 30. Qa1 Rd2 31. Re2 Rxe2 32. Bxe2 b6 33. Bc4 Nc3 34. Qc1 Nxe4 35. Qe3 Qa1+ 36. Kg2 Qd4 0-1

[Event "London Classic op 11th"]
[Site "London"]
[Date "2019.11.29"]
[Round "1"]
[White "Merry, Alan B"]
[Black "Modi, Kishan Jagdish"]
[Result "1-0"]
[WhiteElo "2426"]
[BlackElo "1978"]
[PlyCount "53"]
[EventDate "2019.11.29"]
[EventType "swiss"]
[EventRounds "9"]
[EventCountry "ENG"]
[SourceTitle "CBM 193 Extra"]
[Source "ChessBase"]
[SourceDate "2020.01.31"]
[SourceVersion "1"]
[SourceVersionDate "2020.01.31"]
[SourceQuality "1"]

1. c4 e5 2. Nc3 d6 3. g3 f5 4. Bg2 Nf6 5. e3 Be7 6. Nge2 c6 7. 0-0 0-0 8. b3 Na6 9. Bb2 Qc7 10. Rc1 Bd7 11. f4 e4 12. d3 Qb6 13. Nd4 d5 14. cxd5 cxd5 15. dxe4 dxe4 16. h3 Rac8 17. Rf2 Nb4 18. Bf1 Kh8 19. Rd2 Bc5 20. Kh2 Nbd5 21. Nxd5 Nxd5 22. Nxf5 Bxf5 23. Rxd5 Bxe3 24. Rxc8 Bxc8 25. Rg5 Rg8 26. Bc4 Be6 27. Qa1 1-0

[Event "Hull 4NCL GM"]
[Site "Hull"]
[Date "2019.11.03"]
[Round "8"]
[White "Merry, Alan B"]
[Black "Harvey, Marcus Ross"]
[Result "1-0"]
[WhiteElo "2426"]
[BlackElo "2405"]
[PlyCount "111"]
[EventDate "2019.10.30"]
[EventType "tourn"]
[EventRounds "9"]
[EventCountry "ENG"]
[EventCategory "9"]
[SourceTitle "CBM 192 Extra"]
[Source "Chessbase"]
[SourceDate "2019.11.06"]
[SourceVersion "1"]
[SourceVersionDate "2019.11.06"]
[SourceQuality "1"]

1. e4 c6 2. d4 d5 3. Nd2 dxe4 4. Nxe4 Nf6 5. Nxf6+ exf6 6. c3 Bd6 7. Bd3 0-0 8. Qc2 Re8+ 9. Ne2 h5 10. Be3 Nd7 11. 0-0-0 Nf8 12. h3 Be6 13. g4 h4 14. Kb1 b5 15. Rhg1 Bh2 16. Rge1 Bd5 17. Qd2 Bf3 18. Rc1 Qd5 19. Ng1 Be4 20. Ka1 Bxd3 21. Qxd3 Bxg1 22. Rxg1 Qe4 23. Qxe4 Rxe4 24. c4 Ne6 25. cxb5 cxb5 26. d5 Nf4 27. Rgd1 Ng2 28. Bc5 Rd8 29. d6 Rd7 30. Bxa7 Re6 31. Rc8+ Kh7 32. Bc5 Nf4 33. Kb1 Nxh3 34. Rc7 Nxf2 35. Rxd7 Nxd1 36. Re7 Rxd6 37. Bxd6 Nf2 38. b3 Nxg4 39. a4 bxa4 40. bxa4 f5 41. a5 Nf6 42. a6 Nd5 43. a7 Nb6 44. Rb7 Nc8 45. a8Q Nxd6 46. Rb4 h3 47. Rh4+ Kg6 48. Rxh3 Ne4 49. Kc2 Kg5 50. Qg8 Kg4 51. Rh7 g5 52. Rxf7 Nd6 53. Rf8 Ne4 54. Qe6 Ng3 55. Rxf5 Nxf5 56. Qe4+ 1-0

[Event "Hull 4NCL GM"]
[Site "Hull"]
[Date "2019.11.02"]
[Round "7"]
[White "Palliser, Richard"]
[Black "Merry, Alan B"]
[Result "1-0"]
[WhiteElo "2413"]
[BlackElo "2426"]
[PlyCount "115"]
[EventDate "2019.10.30"]
[EventType "tourn"]
[EventRounds "9"]
[EventCountry "ENG"]
[EventCategory "9"]
[SourceTitle "CBM 192 Extra"]
[Source "Chessbase"]
[SourceDate "2019.11.06"]
[SourceVersion "1"]
[SourceVersionDate "2019.11.06"]
[SourceQuality "1"]

1. d4 Nf6 2. c4 g6 3. Nc3 Bg7 4. e4 d6 5. h3 0-0 6. Be3 c5 7. Nf3 cxd4 8. Nxd4 b6 9. g3 Bb7 10. Bg2 Nbd7 11. 0-0 Rc8 12. b3 Re8 13. Rc1 Qc7 14. Re1 Qb8 15. Qd2 a6 16. Bh6 Bh8 17. Nf5 Nf8 18. Ne3 b5 19. Ncd5 bxc4 20. bxc4 Qa7 21. Rb1 Nxd5 22. exd5 Nd7 23. Bf1 Rb8 24. Nc2 Bc8 25. Be3 Qc7 26. Rxb8 Qxb8 27. Nd4 Qc7 28. Nc6 Bb7 29. Qa5 Qxa5 30. Nxa5 Ba8 31. Rb1 Bc3 32. Nc6 Bf6 33. Bg2 Rc8 34. f4 Kf8 35. g4 h6 36. Kh2 g5 37. Kg3 gxf4+ 38. Bxf4 Bg5 39. h4 Bxf4+ 40. Kxf4 Bxc6 41. dxc6 Ne5 42. Rb6 a5 43. g5 hxg5+ 44. Kxg5 f6+ 45. Kf5 Nxc4 46. Rb7 Ne3+ 47. Ke6 Nxg2 48. Kd7 Rxc6 49. Kxc6 Nxh4 50. Rb5 f5 51. Rxa5 Kf7 52. a4 Ke6 53. Ra8 f4 54. Rh8 Nf5 55. a5 Nd4+ 56. Kb6 Kd5 57. a6 Nc6 58. Rc8 1-0

[Event "Hull 4NCL GM"]
[Site "Hull"]
[Date "2019.11.01"]
[Round "4"]
[White "Merry, Alan B"]
[Black "Haria, Ravi"]
[Result "1/2-1/2"]
[WhiteElo "2426"]
[BlackElo "2451"]
[PlyCount "65"]
[EventDate "2019.10.30"]
[EventType "tourn"]
[EventRounds "9"]
[EventCountry "ENG"]
[EventCategory "9"]
[SourceTitle "CBM 192 Extra"]
[Source "Chessbase"]
[SourceDate "2019.11.06"]
[SourceVersion "1"]
[SourceVersionDate "2019.11.06"]
[SourceQuality "1"]

1. c4 e6 2. Nc3 d5 3. d4 c6 4. e3 f5 5. f4 Qh4+ 6. g3 Qd8 7. Nf3 Nf6 8. Bd3 Be7 9. 0-0 0-0 10. b3 Ne4 11. Bb2 Nd7 12. Qe2 b6 13. cxd5 cxd5 14. Rac1 a6 15. Rc2 Bb7 16. Rfc1 Bd6 17. Ne5 b5 18. a4 b4 19. Nb1 a5 20. Nd2 Nxd2 21. Qxd2 Nf6 22. Bb5 Qe7 23. Bc6 Ne4 24. Qd1 Rfc8 25. Qd3 Bxe5 26. dxe5 Rab8 27. Bd4 Bxc6 28. Rxc6 Qd7 29. Qa6 Rxc6 30. Rxc6 Nd2 31. Rxe6 Nxb3 32. Rd6 Qc7 33. Rc6 1/2-1/2

[Event "Hull 4NCL GM"]
[Site "Hull"]
[Date "2019.10.31"]
[Round "2"]
[White "Merry, Alan B"]
[Black "Eggleston, David"]
[Result "0-1"]
[WhiteElo "2426"]
[BlackElo "2392"]
[PlyCount "96"]
[EventDate "2019.10.30"]
[EventType "tourn"]
[EventRounds "9"]
[EventCountry "ENG"]
[EventCategory "9"]
[SourceTitle "CBM 192 Extra"]
[Source "Chessbase"]
[SourceDate "2019.11.06"]
[SourceVersion "1"]
[SourceVersionDate "2019.11.06"]
[SourceQuality "1"]

1. c4 e5 2. Nc3 Nc6 3. Nf3 Nf6 4. g3 d5 5. cxd5 Nxd5 6. Bg2 Nb6 7. 0-0 Be7 8. a3 0-0 9. b4 Re8 10. d3 Bf8 11. Bb2 a5 12. b5 Nd4 13. Nd2 a4 14. Rb1 c6 15. bxc6 Nxc6 16. Nc4 Nxc4 17. dxc4 Nd4 18. e3 Nb3 19. Qc2 Qd2 20. Qe4 Nc5 21. Qd5 Qxd5 22. Bxd5 Bf5 23. e4 Bh3 24. Rfd1 Bg4 25. f3 Bxf3 26. Bxf7+ Kxf7 27. Rf1 Kg8 28. Rxf3 Rad8 29. Bc1 Rd4 30. Be3 Rxc4 31. Nd5 Nxe4 32. Rxb7 Bxa3 33. Nb6 Rb4 34. Rff7 Rb1+ 35. Kg2 Bf8 36. Nxa4 Ra1 37. Nc5 Nd6 38. Ra7 Re1 39. Kf2 Rh1 40. Rfd7 Rxh2+ 41. Kg1 Re2 42. Bf2 e4 43. Bd4 Nf5 44. Nb3 Rb8 45. Rab7 Rxb7 46. Rxb7 Nxg3 47. Rb8 Kf7 48. Nc5 Nf5 0-1

[Event "Newcastle Northumbria Masters"]
[Site "Newcastle on Tyne"]
[Date "2019.08.27"]
[Round "8"]
[White "Donchenko, Alexander"]
[Black "Merry, Alan B"]
[Result "1/2-1/2"]
[WhiteElo "2584"]
[BlackElo "2426"]
[PlyCount "71"]
[EventDate "2019.08.23"]
[EventType "swiss"]
[EventRounds "9"]
[EventCountry "ENG"]
[SourceTitle "EXT 2020"]
[Source "ChessBase"]
[SourceDate "2019.10.17"]
[SourceVersion "1"]
[SourceVersionDate "2019.10.17"]
[SourceQuality "1"]

1. d4 d5 2. Nf3 Nf6 3. Bf4 c5 4. e3 Nc6 5. Nbd2 Bg4 6. h3 Bxf3 7. Nxf3 e6 8. c3 Bd6 9. Qb3 0-0 10. Qxb7 Na5 11. Qa6 Bxf4 12. exf4 c4 13. b4 cxb3 14. axb3 Nxb3 15. Ra3 Rb8 16. Bb5 Rb6 17. Qa4 a6 18. Bd3 Nc1 19. Bc2 Qc7 20. Ne5 Rfb8 21. Qa5 Ne4 22. Ra1 Rc8 23. c4 f6 24. c5 fxe5 25. Qxb6 Qxb6 26. cxb6 Rxc2 27. 0-0 Ne2+ 28. Kh2 N4c3 29. fxe5 Rb2 30. Rxa6 Nxd4 31. Rfa1 h5 32. R1a3 Ne4 33. Ra2 Rb1 34. Ra1 Rb2 35. R1a2 Rb1 36. Ra1 1/2-1/2

[Event "Thanet op-A 50th"]
[Site "Margate"]
[Date "2019.08.18"]
[Round "5"]
[White "Merry, Alan B"]
[Black "Taylor, Martin R"]
[Result "1-0"]
[WhiteElo "2427"]
[BlackElo "2345"]
[PlyCount "55"]
[EventDate "2019.08.16"]
[EventType "swiss"]
[EventRounds "5"]
[EventCountry "ENG"]
[SourceTitle "EXT 2024"]
[Source "ChessBase"]
[SourceDate "2023.10.10"]
[SourceVersion "1"]
[SourceVersionDate "2023.10.10"]
[SourceQuality "1"]

1. e4 Nf6 2. e5 Nd5 3. c4 Nb6 4. d4 d6 5. f4 g6 6. Nc3 Bg7 7. Be3 0-0 8. c5 N6d7 9. Bc4 e6 10. Nf3 b6 11. cxd6 cxd6 12. h4 Ba6 13. Bxa6 Nxa6 14. h5 Nc7 15. hxg6 hxg6 16. Ng5 Re8 17. Qf3 Nf8 18. 0-0-0 d5 19. Rh4 f6 20. exf6 Qxf6 21. Rdh1 Rac8 22. Kb1 Re7 23. g4 Ne8 24. Nce4 dxe4 25. Nxe4 Qxd4 26. Bxd4 Bxd4 27. Qh3 Rec7 28. Ng5 1-0

[Event "Thanet op-A 50th"]
[Site "Margate"]
[Date "2019.08.17"]
[Round "2"]
[White "Gray, Edward"]
[Black "Merry, Alan B"]
[Result "0-1"]
[WhiteElo "1757"]
[BlackElo "2427"]
[PlyCount "62"]
[EventDate "2019.08.16"]
[EventType "swiss"]
[EventRounds "5"]
[EventCountry "ENG"]
[SourceTitle "EXT 2024"]
[Source "ChessBase"]
[SourceDate "2023.10.10"]
[SourceVersion "1"]
[SourceVersionDate "2023.10.10"]
[SourceQuality "1"]

1. e4 d5 2. exd5 Qxd5 3. Nc3 Qa5 4. d4 Nf6 5. Bc4 Bg4 6. Nf3 Qf5 7. Bd3 Bxf3 8. Bxf5 Bxd1 9. Bc8 Nbd7 10. Bxd7+ Nxd7 11. Kxd1 c6 12. Ke2 Nf6 13. Be3 e6 14. f3 Be7 15. Ne4 Nd5 16. Bd2 Rd8 17. c3 0-0 18. h4 Rfe8 19. g4 f5 20. Nf2 Bd6 21. Nd3 e5 22. dxe5 Bxe5 23. Nxe5 Rxe5+ 24. Kf2 fxg4 25. fxg4 Rf8+ 26. Kg3 Nf6 27. Bf4 Re2 28. Rhf1 Rxb2 29. Rae1 Rxa2 30. Re7 Nd5 31. Rxb7 Ra4 0-1

[Event "Telford 4NCL op 22nd"]
[Site "Telford"]
[Date "2019.07.21"]
[Round "5"]
[White "Merry, Alan B"]
[Black "Lentzos, Ioanis"]
[Result "1-0"]
[WhiteElo "2435"]
[BlackElo "2043"]
[PlyCount "39"]
[EventDate "2019.07.19"]
[EventType "swiss"]
[EventRounds "5"]
[EventCountry "ENG"]
[SourceTitle "EXT 2020"]
[Source "ChessBase"]
[SourceDate "2019.10.17"]
[SourceVersion "1"]
[SourceVersionDate "2019.10.17"]
[SourceQuality "1"]

1. e4 c6 2. Nc3 d5 3. Nf3 Nf6 4. e5 Ne4 5. Ne2 Qb6 6. d4 e6 7. Ng3 c5 8. Bd3 Nxg3 9. fxg3 cxd4 10. 0-0 Nc6 11. Qe2 h6 12. a3 Bd7 13. b4 0-0-0 14. b5 Na5 15. Kh1 Bc5 16. a4 f6 17. Bd2 Rhf8 18. Qe1 Nc4 19. Bxc4 dxc4 20. Ba5 1-0